000 00889nam a2200229 a 4500
001 41034
003 BD-RjUL
005 20211209053321.0
008 160514s1949 bg ||||| |||| 00| f ben d
020 _cPRs. 2.00
035 _a(BD-RjUL)41150
040 _aBD-RjUL
_bben
_cBD-RjUL
_dBD-RjUL
041 _aben
082 _223
_a891.443
_bJAA 1949
100 _aজামান, আশরাফ উজ
_9126271
245 1 0 _aঅরন্য পার্বত্য নদী ও সমুদ্র /
_cআশরাফ উজ জামান
260 _aঢাকা :
_bমখদুমী অ্যান্ড আহছানউল্লাহ লাইব্রেরী,
_c১৯৪৯ (১৩৫৬)
300 _a[৪], ১০৪ পৃ. ;
_c১৮ সেমি.
650 _aবাংলা উপন্যাস
_9126272
650 _aBengali Fiction
_9126273
942 _2ddc
_cBK
999 _c41034
_d41034